000 00635nam a22002297a 4500
003 OSt
005 20140310182816.0
008 130228t xxu||||| |||| 00| 0 eng d
020 _a9780071325738
050 _aHF 5657.4
_b.B758 2011
082 _aHF5657.4
_b.B758 2011
100 _aBrewer, Peter C.
245 _aIntroduction to managerial accounting /
_cPeter C. Brewer, Ray H. Garrison, Eric W. Noreen
260 _aBoston :
_bMcGraw-Hill/Irwin
_c2011.
300 _a694 p :
_c25 cm.
521 _aBSBA
562 _e2
650 _aManagerial accounting
942 _2lcc
_cBK
_kFOR
999 _c16288
_d16288